[Event "Dubna op"]
[Site "Dubna"]
[Date "2007.08.10"]
[Round "11"]
[White "Lebedev, Alexander1111"]
[Black "Shamchuk, Leonid"]
[Result "1-0"]
[WhiteElo "2266"]
[BlackElo "2383"]
[PlyCount "39"]
[EventDate "2007.08.02"]
[EventType "swiss"]
[EventRounds "14"]
[EventCountry "RUS"]
[SourceTitle "EXT 2008"]
[Source "ChessBase"]
[SourceDate "2007.11.25"]
[SourceVersion "1"]
[SourceVersionDate "2007.11.25"]
[SourceQuality "1"]

1. e4 e6 2. d4 d5 3. e5 c5 4. c3 Nc6 5. Nf3 Qc7 6. Be2 Nge7 7. 0-0 Ng6 8. Be3 Qd7 9. h4 h5 10. Na3 a6 11. Nc2 Nge7 12. Bf4 c4 13. Ng5 g6 14. Ne3 Bh6 15. g3 b5 16. Qd2 Bg7 17. Rad1 Ng8 18. Nxd5 exd5 19. e6 Qb7 20. Nxf7 1-0

[Event "Dubna op"]
[Site "Dubna"]
[Date "2007.08.09"]
[Round "10"]
[White "Shamchuk, Leonid"]
[Black "Nozdrachev, Leonid"]
[Result "1-0"]
[WhiteElo "2383"]
[BlackElo "2195"]
[PlyCount "117"]
[EventDate "2007.08.02"]
[EventType "swiss"]
[EventRounds "14"]
[EventCountry "RUS"]
[SourceTitle "EXT 2008"]
[Source "ChessBase"]
[SourceDate "2007.11.25"]
[SourceVersion "1"]
[SourceVersionDate "2007.11.25"]
[SourceQuality "1"]

1. Nf3 Nf6 2. c4 g6 3. Nc3 Bg7 4. e4 0-0 5. Be2 d6 6. d4 e5 7. 0-0 exd4 8. Nxd4 Re8 9. f3 Nc6 10. Be3 Nh5 11. Nxc6 bxc6 12. Qd2 Rb8 13. Rad1 Qh4 14. Rf2 Be5 15. g4 Ng7 16. Bg5 Qh3 17. Bf1 Bxh2+ 18. Rxh2 Qxf3 19. Be2 Qg3+ 20. Rg2 Qh3 21. Rf1 h6 22. Rf3 Qxg2+ 23. Kxg2 hxg5 24. Qxg5 Rxb2 25. Rh3 Re5 26. Qd8+ Re8 27. Qh4 f6 28. Qxf6 Bxg4 29. Re3 Bh5 30. Kg1 Rf8 31. Qg5 Ne6 32. Qh6 Rf7 33. Rg3 Bxe2 34. Rxg6+ Ng7 35. Rg2 Rc2 36. Nxe2 Rxa2 37. c5 Ra1+ 38. Kh2 Raf1 39. cxd6 cxd6 40. Qxd6 R1f6 41. Qg3 Re6 42. e5 Rfe7 43. Qb3 Kh7 44. Qd3+ Kg8 45. Qc4 Kh7 46. Qe4+ Kg8 47. Rg5 Rh6+ 48. Kg1 Kf7 49. Nd4 Ke8 50. Nxc6 Rc7 51. Nd4 Kf8 52. e6 Re7 53. Qf3+ Kg8 54. Nf5 Rhxe6 55. Nxe7+ Rxe7 56. Qf6 Rf7 57. Qd8+ Rf8 58. Qd5+ Kh7 59. Qd7 1-0

[Event "Dubna op"]
[Site "Dubna"]
[Date "2007.08.07"]
[Round "6"]
[White "Shamchuk, Leonid"]
[Black "Popelyshev, Igor Viktorovich"]
[Result "1-0"]
[WhiteElo "2383"]
[BlackElo "2078"]
[PlyCount "63"]
[EventDate "2007.08.02"]
[EventType "swiss"]
[EventRounds "14"]
[EventCountry "RUS"]
[SourceTitle "EXT 2008"]
[Source "ChessBase"]
[SourceDate "2007.11.25"]
[SourceVersion "1"]
[SourceVersionDate "2007.11.25"]
[SourceQuality "1"]

1. Nf3 f5 2. d4 Nf6 3. c4 e6 4. Nc3 d5 5. Bg5 Be7 6. Bxf6 Bxf6 7. e3 0-0 8. Qb3 c6 9. Bd3 Qb6 10. Qc2 Bd7 11. 0-0-0 Na6 12. a3 c5 13. cxd5 cxd4 14. exd4 Rac8 15. Kb1 Nc7 16. Bc4 Bb5 17. Bb3 exd5 18. Nxd5 Nxd5 19. Bxd5+ Kh8 20. Qb3 Rcd8 21. Ne5 Bxe5 22. dxe5 Qa6 23. Rd4 Bc6 24. Rdd1 Bxd5 25. Rxd5 Rxd5 26. Qxd5 Qe2 27. f4 h6 28. Rc1 b5 29. Ka2 a5 30. Rc7 b4 31. a4 Qf2 32. Qc5 1-0

[Event "Dubna op"]
[Site "Dubna"]
[Date "2007.08.06"]
[Round "4"]
[White "Shamchuk, Leonid"]
[Black "Sklyarov, Dmitry V"]
[Result "0-1"]
[WhiteElo "2383"]
[BlackElo "2335"]
[PlyCount "96"]
[EventDate "2007.08.02"]
[EventType "swiss"]
[EventRounds "14"]
[EventCountry "RUS"]
[SourceTitle "EXT 2008"]
[Source "ChessBase"]
[SourceDate "2007.11.25"]
[SourceVersion "1"]
[SourceVersionDate "2007.11.25"]
[SourceQuality "1"]

1. Nf3 Nf6 2. c4 g6 3. Nc3 Bg7 4. e4 d6 5. d4 0-0 6. Be2 e5 7. Bg5 h6 8. Bh4 exd4 9. Nxd4 Re8 10. f3 c6 11. 0-0 Qb6 12. Bf2 Qxb2 13. Rc1 Nh5 14. Re1 Na6 15. Bf1 Qa3 16. g3 Qa5 17. f4 Nc5 18. Qf3 Ne6 19. Nb3 Qb4 20. Nb1 Nf6 21. h3 Nd7 22. h4 Nec5 23. Nd4 Nf6 24. Nc2 Qb6 25. Nc3 Bg4 26. Qg2 Qa5 27. Nd4 Re7 28. Nb3 Nxb3 29. axb3 Nd7 30. Nd1 Nc5 31. Ne3 Bd7 32. Nc2 Nxb3 33. Rb1 Nc5 34. e5 Bf5 35. Ra1 Qb6 36. Nd4 Bg4 37. exd6 Rxe1 38. Rxe1 Rd8 39. Nb3 Qxb3 40. Bxc5 b6 41. Re3 Qb1 42. d7 Rxd7 43. Re8+ Kh7 44. Be3 Rd1 45. Bf2 Be6 46. h5 Bxc4 47. hxg6+ fxg6 48. Kh1 Bd5 0-1

[Event "Dubna op"]
[Site "Dubna"]
[Date "2007.08.05"]
[Round "2"]
[White "Shamchuk, Leonid"]
[Black "Kolmakov, Pavel"]
[Result "1/2-1/2"]
[WhiteElo "2383"]
[BlackElo "2216"]
[PlyCount "100"]
[EventDate "2007.08.02"]
[EventType "swiss"]
[EventRounds "14"]
[EventCountry "RUS"]
[SourceTitle "EXT 2008"]
[Source "ChessBase"]
[SourceDate "2007.11.25"]
[SourceVersion "1"]
[SourceVersionDate "2007.11.25"]
[SourceQuality "1"]

1. c4 Nf6 2. Nf3 e6 3. e3 d5 4. Be2 a6 5. 0-0 dxc4 6. Bxc4 b5 7. Be2 Bb7 8. a4 b4 9. d3 a5 10. Nbd2 Be7 11. Nc4 Nbd7 12. e4 0-0 13. Bf4 Nb6 14. Rc1 Nxc4 15. Rxc4 c5 16. Qc1 Ba6 17. Rc2 Bxd3 18. Rd1 c4 19. Rxc4 Bxe2 20. Rxd8 Rfxd8 21. Rd4 Nxe4 22. Bc7 Rac8 23. Qf4 Rxd4 24. Nxd4 Bd1 25. Nc6 Bc5 26. Nd8 Nf6 27. h3 Bxa4 28. Bxa5 Be7 29. Nb7 Nd5 30. Qg3 Bc6 31. Nd6 Ra8 32. Bc7 Nxc7 33. Nf5 exf5 34. Qxc7 Bf8 35. Qxc6 Ra1+ 36. Kh2 g6 37. Qc2 h5 38. b3 Bd6+ 39. g3 Be5 40. Kg2 Kg7 41. Kf3 Re1 42. Qd2 Bc3 43. Qd8 Re4 44. Qd5 Rd4 45. Qe5+ Kh7 46. Qe7 Kg7 47. Qe5+ Kh7 48. Qc5 Rd3+ 49. Ke2 Rd2+ 50. Ke3 Rd7 1/2-1/2

[Event "Dubna op"]
[Site "Dubna"]
[Date "2007.08.04"]
[Round "1"]
[White "Mishakov, Anatoly"]
[Black "Shamchuk, Leonid"]
[Result "0-1"]
[WhiteElo "2074"]
[BlackElo "2383"]
[PlyCount "94"]
[EventDate "2007.08.02"]
[EventType "swiss"]
[EventRounds "14"]
[EventCountry "RUS"]
[SourceTitle "EXT 2008"]
[Source "ChessBase"]
[SourceDate "2007.11.25"]
[SourceVersion "1"]
[SourceVersionDate "2007.11.25"]
[SourceQuality "1"]

1. f4 d5 2. e3 c5 3. Nf3 Nf6 4. b3 Nc6 5. Bb5 Bd7 6. Bb2 e6 7. 0-0 Be7 8. Bxc6 Bxc6 9. Ne5 Rc8 10. d3 0-0 11. Nd2 b5 12. Ndf3 Bb7 13. a4 b4 14. Qe2 Ba6 15. Rac1 Ne4 16. Qe1 Nd6 17. Ng4 f6 18. Nf2 c4 19. Rd1 c3 20. Bc1 f5 21. Kh1 Qe8 22. Nh3 Nf7 23. Rg1 Bf6 24. e4 dxe4 25. dxe4 Bb7 26. e5 Bd8 27. Be3 a6 28. Qe2 Nh6 29. Nf2 Qh5 30. Rd6 Ng4 31. Nxg4 fxg4 32. Ne1 Bh4 33. Bf2 Rxf4 34. Nd3 Re4 35. Qd1 Rf8 36. Rf1 Bd5 37. Kg1 Bxf2+ 38. Rxf2 Rxf2 39. Nxf2 Rxe5 40. Nd3 Rf5 41. Nxb4 Qg5 42. Nxd5 exd5 43. Re6 h5 44. Qe1 Qd2 45. Re2 Qd4+ 46. Kh1 Rf4 47. h3 g3 0-1

[Event "Dubna"]
[Site "Dubna"]
[Date "2007.01.22"]
[Round "4"]
[White "Zasypkin, Alexandr"]
[Black "Shamchuk, Leonid"]
[Result "1/2-1/2"]
[WhiteElo "2131"]
[BlackElo "2380"]
[PlyCount "76"]
[EventDate "2007.01.11"]
[EventType "tourn"]
[EventRounds "9"]
[EventCountry "RUS"]
[SourceTitle "EXT 2010"]
[Source "ChessBase"]
[SourceDate "2010.11.25"]
[SourceVersion "1"]
[SourceVersionDate "2010.11.25"]
[SourceQuality "1"]

1. c4 e5 2. Nc3 Nf6 3. g3 Nc6 4. Bg2 Be7 5. d3 0-0 6. e4 d6 7. Nge2 Nd7 8. 0-0 Nc5 9. Nd5 a5 10. b3 f5 11. Be3 Kh8 12. Qd2 Bf6 13. Nxf6 gxf6 14. f3 Qe7 15. d4 Na6 16. d5 Nd8 17. Qxa5 Nf7 18. Qc3 fxe4 19. fxe4 Bg4 20. Bf3 Bd7 21. Kh1 Ng5 22. Bxg5 fxg5 23. Qe3 g4 24. Bg2 Qg7 25. Kg1 b6 26. Rxf8+ Rxf8 27. Rf1 Kg8 28. Rxf8+ Kxf8 29. Nc1 Ke8 30. Nd3 Kd8 31. a3 Kc8 32. b4 Qe7 33. b5 Nc5 34. Nxc5 dxc5 35. Qh6 Kb8 36. Bf1 Qf7 37. Be2 Qg6 38. Qxg6 hxg6 1/2-1/2

[Event "Moscow Region-ch"]
[Site "Dubna"]
[Date "2001.??.??"]
[Round "9"]
[White "Shamchuk, Leonid"]
[Black "Gorshkov, Yuri"]
[Result "1-0"]
[WhiteElo "2393"]
[BlackElo "2382"]
[PlyCount "65"]
[EventDate "2001.??.??"]
[EventType "swiss"]
[EventRounds "9"]
[EventCountry "RUS"]
[SourceTitle "EXT 2006"]
[Source "ChessBase"]
[SourceDate "2005.11.24"]
[SourceVersion "1"]
[SourceVersionDate "2005.11.24"]
[SourceQuality "1"]

1. e4 c5 2. Nf3 Nc6 3. Nc3 e6 4. Be2 a6 5. 0-0 Qc7 6. Re1 d6 7. d4 cxd4 8. Nxd4 Nf6 9. Kh1 Be7 10. f4 0-0 11. Bf3 Nd7 12. Be3 Rb8 13. Nce2 Na5 14. b3 b5 15. c3 Nf6 16. Ng3 Bb7 17. Rc1 d5 18. e5 Ne4 19. Bxe4 dxe4 20. Qg4 Nc6 21. Nxe4 Kh8 22. Nf3 Nd8 23. Bd4 Bd5 24. Re3 Qc6 25. Nf6 h6 26. Nh4 Nb7 27. Rg3 Rg8 28. Ng6+ fxg6 29. Qxg6 Be4 30. Nxe4 Qe8 31. Qxe6 Ba3 32. Qxh6+ gxh6 33. e6+ 1-0

[Event "Moscow Region-ch"]
[Site "Dubna"]
[Date "2001.??.??"]
[Round "7"]
[White "Shamchuk, Leonid"]
[Black "Kulish, Irina"]
[Result "0-1"]
[WhiteElo "2393"]
[BlackElo "2140"]
[PlyCount "48"]
[EventDate "2001.??.??"]
[EventType "swiss"]
[EventRounds "9"]
[EventCountry "RUS"]
[SourceTitle "EXT 2006"]
[Source "ChessBase"]
[SourceDate "2005.11.24"]
[SourceVersion "1"]
[SourceVersionDate "2005.11.24"]
[SourceQuality "1"]

1. Nf3 Nf6 2. Nc3 d5 3. d4 Bf5 4. g3 e6 5. Bg2 h6 6. 0-0 Be7 7. Nd2 Nc6 8. Nb3 Nb4 9. e4 dxe4 10. a3 Nbd5 11. Ne2 b5 12. Nc5 0-0 13. b4 c6 14. Bb2 Qc7 15. Nb3 Rfd8 16. Rc1 Nb6 17. Na5 Na4 18. Ba1 c5 19. c4 cxb4 20. axb4 Bxb4 21. Nb3 bxc4 22. Nc5 Nxc5 23. Rxc4 Qa5 24. Qb1 Na6 0-1